ការស្រោចស្រង់ធនធានព្រៃឈើក្រោយសង្រ្គាម នៅក្នុងខេត្តព្រៃវែង (Record no. 3061)

000 -LEADER
fixed length control field 00556nam a22001577a 4500
003 - CONTROL NUMBER IDENTIFIER
control field OSt
005 - DATE AND TIME OF LATEST TRANSACTION
control field 20151103152414.0
008 - FIXED-LENGTH DATA ELEMENTS--GENERAL INFORMATION
fixed length control field 151103b xxu||||| |||| 00| 0 eng d
040 ## - CATALOGING SOURCE
Transcribing agency RUA
082 ## - DEWEY DECIMAL CLASSIFICATION NUMBER
Classification number FOR សាន់ 1992 B117 Or.1
100 ## - MAIN ENTRY--PERSONAL NAME
9 (RLIN) 3280
Personal name សាន់ គឹមឃាង
245 ## - TITLE STATEMENT
Title ការស្រោចស្រង់ធនធានព្រៃឈើក្រោយសង្រ្គាម នៅក្នុងខេត្តព្រៃវែង
260 ## - PUBLICATION, DISTRIBUTION, ETC. (IMPRINT)
Place of publication, distribution, etc. Phnom Penh
Name of publisher, distributor, etc. RUA
Date of publication, distribution, etc. 1992
300 ## - PHYSICAL DESCRIPTION
Extent 71p.
Other physical details ill.
Dimensions 29cm.
942 ## - ADDED ENTRY ELEMENTS (KOHA)
Source of classification or shelving scheme
Koha item type FOR
Holdings
Price effective from Date last seen Permanent Location Not for loan Date acquired Source of classification or shelving scheme Koha item type Barcode Lost status Damaged status Shelving location Withdrawn status Current Location Full call number
2015-11-032015-11-03Library Block B 2015-11-03 FORRUA010843  B117 Library Block BFOR សាន់ 1992 B117 Or.1
2015-11-032015-11-03Library Block B 2015-11-03 FORRUA026155  B117 Library Block BFOR សាន់ 1992 B117 Or.2
2015-11-032015-11-03Library Block B 2015-11-03 FORRUA027835  B117 Library Block BFOR សាន់ 1992 B117 Or.3
2015-11-032015-11-03Library Block B 2015-11-03 FORRUA027575  B117 Library Block BFOR សាន់ 1992 B117 Or.4
មជ្ឈមណ្ឌលឯការនៃសាកលវិទ្យាល័យភូមិន្ទកសិកម្មចំការដូង

Powered by Koha